UBT Library

Exploration of the universe / (Record no. 39008)

000 -LEADER
fixed length control field 00510cam a2200205 i 4500
001 - CONTROL NUMBER
control field 3623907
005 - DATE AND TIME OF LATEST TRANSACTION
control field 20171215072655.0
008 - FIXED-LENGTH DATA ELEMENTS--GENERAL INFORMATION
fixed length control field 740917s1975 nyuaf b 001 0 eng
010 ## - LIBRARY OF CONGRESS CONTROL NUMBER
LC control number 74020790
040 ## - CATALOGING SOURCE
Original cataloging agency DLC
Transcribing agency DLC
Modifying agency DLC
041 ## - LANGUAGE CODE
Language code of text/sound track or separate title eng
080 ## - UNIVERSAL DECIMAL CLASSIFICATION NUMBER
Universal Decimal Classification number 520 ABE
082 00 - DEWEY DECIMAL CLASSIFICATION NUMBER
Classification number 520 ABE
100 1# - Rafti
Rafti 42
101 ## - Shkurtesa
Shkurtesa AST
245 10 - TITLE STATEMENT
Title Exploration of the universe /
Statement of responsibility, etc George O. Abell.
504 ## - BIBLIOGRAPHY, ETC. NOTE
Bibliography, etc Bibliography: p. 669-671.
906 ## - LOCAL DATA ELEMENT F, LDF (RLIN)
a 7
b cbc
c orignew
d 1
e ocip
f 19
g y-gencatlg
942 ## - ADDED ENTRY ELEMENTS (KOHA)
Source of classification or shelving scheme
Item type Books
Holdings
Withdrawn status Lost status Source of classification or shelving scheme Damaged status Not for loan Collection code Permanent location Current location Shelving location Date acquired Total Checkouts Full call number Barcode Date last seen Price effective from Koha item type
          Koleksioni i përgjithshem UBT - Lipjan UBT - Lipjan Koleksioni i përgjithshem 12/15/2017   520 ABE 002-2939432 12/15/2017 12/15/2017 Books
UBT Library © 2015-2024. All rights reserved University Education for Business and Technology